[Event "Oceania zt (Women)"]
[Site "Fiji"]
[Date "2007.05.10"]
[Round "7"]
[White "Lyons, Kieran"]
[Black "Morris, India"]
[Result "1-0"]
[WhiteElo "1389"]
[BlackElo "800"]
[PlyCount "27"]
[EventDate "2007.05.06"]
[EventType "swiss"]
[EventRounds "9"]
[EventCountry "FIJ"]
[SourceTitle "EXT 2010"]
[Source "ChessBase"]
[SourceDate "2010.11.25"]
[SourceVersion "1"]
[SourceVersionDate "2010.11.25"]
[SourceQuality "1"]

1. e4 e6 2. d4 c6 3. Nf3 Nf6 4. Bd3 d5 5. exd5 cxd5 6. Bg5 g6 7. 0-0 Bd6 8. Ne5 0-0 9. Qf3 Ne8 10. Bxd8 a5 11. Bg5 Nc6 12. Nxc6 bxc6 13. Bh6 Ng7 14. Qf6 1-0